000 00573naa a2200205 i 4500
001 69586
003 ES-MaBCM
005 20241016115649.0
008 000911s2000 fra 000 0 fre d
021 _axx
035 _a(OCoLC)1365204055
040 _cES-MaBCM
041 0 _afre
043 _afra
100 1 _aArchimbaud, Aline
_92122
245 1 0 _aGénéraliser l'expérimentation
_cAline Archimbaud
650 7 _aEconomía social
_958465
773 0 _aEn:
_tProblèmes économiques
_dParis : 2000
_w104496
_gnº 2.677, août, p. 14-16. - Loc. S.428
942 _cAREV
999 _c69586
_d69586